أبو الهول : تاريخه في ضوء الكشوف الحديثة

محفوظ في:

المؤلف الرئيسي: Selim Hassan.

مؤلفون آخرون: Jamal Al-Din Salem, Ahmed Muhammad Badawi.

التنسيق: كتاب

اللغة: Undetermined

منشور في: Al-Qāhirah : matbaeat jamieat al-Qāhirah, 1992.

الوسوم: إضافة وسم

لا توجد وسوم, كن أول من يضع وسما على هذه التسجيلة!

رقم الطلب: DT62 .S7 H312 1992

LEADER 00509nam a2200157Ia 4500
008 240329s9999||||xx |||||||||||||| ||und||
050 4 |a DT62 .S7 H312 1992 
100 1 |a Selim Hassan. 
245 1 0 |a أبو الهول : تاريخه في ضوء الكشوف الحديثة  |c Selim Hassan 
264 1 |a Al-Qāhirah :  |b matbaeat jamieat al-Qāhirah,  |c 1992. 
300 |a 196  |c 24 
500 |a Arab Union Catalog 
500 |a Arabic 
700 1 |a Jamal Al-Din Salem, Ahmed Muhammad Badawi. 
942 |2 lcc  |c BK 
999 |c 57851  |d 57851